| 000 | 00605pam a2200181 a 4500 | ||
|---|---|---|---|
| 001 | 2978715 | ||
| 005 | 20250613105702.0 | ||
| 008 | 921007s1993 tnu 000 0 eng | ||
| 020 | _a080541083X (pbk.) | ||
| 050 | 0 | 0 |
_aBS600.2 _b.W555 1993 |
| 082 | 0 | 0 |
_a220/.07 _220 |
| 100 | 1 |
_aWilliams, Ken L., _d1932- |
|
| 245 | 0 | 4 |
_aThe door to joy : _b11 keys that unlock it and keep it open / _cKen L. Williams and Gaylyn Williams Whalin. |
| 260 |
_aNashville, Tenn. : _bBroadman & Holman Press, _cc1993. |
||
| 300 |
_a127 p. ; _c23 cm. |
||
| 700 | 1 |
_aWilliams, Gaylyn R. _q(Gaylyn Ruth), _d1956- |
|
| 942 |
_2lcc _cBK _n0 |
||
| 999 |
_c6444 _d6444 |
||